000 01302cab a2200361 4500
001 ABS51872
008 090401t1994 xxu||||| |||| 00| 0 eng d
035 _a(Sirsi) u48135
041 _aeng
245 _aFocus `94: the auctions sector
260 _c1994
350 _a0
490 _aEstates Gazette
_v(9448) 3 December 1994, 83-101(9)
520 _aExamines prospects for the market in 1995, following a fall in the sales rates of London`s biggest auction houses; prospects for the residential sector as repossessions slow; who is spending money at auctions and why overseas buyers are not bidding at London`s residential property auctions. Includes an analysis of the performance of London`s top auction houses.
650 _aALLSOP AND CO
650 _aAUCTION HOUSES
650 _aAUCTION MARKET
650 _aCHESTERTON
650 _aCONRAD RITBLAT SINCLAIR GOLDSMITH
650 _aERDMAN LEWIS
650 _aCONSTRUCTION FORECASTS
650 _aHARTNELL TAYLOR AND COOK
650 _aHEALEY & BAKER
650 _aJONES LANG WOOTTON
650 _aLONDON
650 _aNELSON BAKEWELL
650 _aAuctioneering
_96218
650 _aRESIDENTIAL SECTOR
650 _aSALLMANN HARMAN HEALY
690 _aAuctioneering
_96218
942 _n0
948 _c04/03/1997
999 _c30248
_d30248